000 00463nam a2200145Ia 4500
008 100122s9999 xx 000 0 und d
082 _b52814
_a500
100 _aमांडे अरुण
245 _aविज्ञान गमंती
260 _bमेहता पब्लिकेशन हाऊस
_c1995
300 _a73
630 _aविज्ञान गमंती
730 _aविज्ञान गमंती
942 _cBOOK
999 _c429975
_d429972